<?xml version="1.0" encoding="UTF-8"?>
<record
    xmlns:xsi="http://www.w3.org/2001/XMLSchema-instance"
    xsi:schemaLocation="http://www.loc.gov/MARC21/slim http://www.loc.gov/standards/marcxml/schema/MARC21slim.xsd"
    xmlns="http://www.loc.gov/MARC21/slim">

  <leader>00518cam a22001451  4500</leader>
  <datafield tag="082" ind1=" " ind2=" ">
    <subfield code="a">355.009241</subfield>
    <subfield code="b">NAP</subfield>
  </datafield>
  <datafield tag="100" ind1="1" ind2=" ">
    <subfield code="a">Napier, H. D.</subfield>
    <subfield code="9">49286</subfield>
  </datafield>
  <datafield tag="245" ind1="0" ind2="0">
    <subfield code="a">Field-Marshal Lord Napier of Magdala,</subfield>
    <subfield code="b">G.C.B., G.C.S.I.</subfield>
    <subfield code="c">a memoir by his son, Lieut.-Colonel Hon. H. D. Napier</subfield>
  </datafield>
  <datafield tag="260" ind1=" " ind2=" ">
    <subfield code="a">London,</subfield>
    <subfield code="b">E. Arnold &amp; co.,</subfield>
    <subfield code="c">1927.</subfield>
  </datafield>
  <datafield tag="300" ind1=" " ind2=" ">
    <subfield code="a">xi, 348 p.</subfield>
    <subfield code="b">front. (port.) plates, maps, plan.</subfield>
    <subfield code="c">23 cm.</subfield>
  </datafield>
  <datafield tag="526" ind1=" " ind2=" ">
    <subfield code="a">0</subfield>
    <subfield code="b">0</subfield>
    <subfield code="c">0</subfield>
    <subfield code="d">355_009241000000000_NAP</subfield>
  </datafield>
  <datafield tag="650" ind1=" " ind2="0">
    <subfield code="a">Marshals</subfield>
    <subfield code="z">Great Britain</subfield>
    <subfield code="9">49287</subfield>
  </datafield>
  <datafield tag="650" ind1=" " ind2="0">
    <subfield code="a">MCE</subfield>
    <subfield code="9">379</subfield>
  </datafield>
  <datafield tag="942" ind1=" " ind2=" ">
    <subfield code="2">ddc</subfield>
    <subfield code="c">BK</subfield>
  </datafield>
  <datafield tag="999" ind1=" " ind2=" ">
    <subfield code="c">552076</subfield>
    <subfield code="d">552076</subfield>
  </datafield>
  <datafield tag="952" ind1=" " ind2=" ">
    <subfield code="0">0</subfield>
    <subfield code="1">0</subfield>
    <subfield code="2">ddc</subfield>
    <subfield code="4">0</subfield>
    <subfield code="7">0</subfield>
    <subfield code="a">MCE</subfield>
    <subfield code="b">MCE</subfield>
    <subfield code="c">Archive Section</subfield>
    <subfield code="d">2015-01-06</subfield>
    <subfield code="l">0</subfield>
    <subfield code="o">355.009241 NAP</subfield>
    <subfield code="p">MCE-ECL/68</subfield>
    <subfield code="r">2015-01-06</subfield>
    <subfield code="w">2015-01-06</subfield>
    <subfield code="y">BK</subfield>
  </datafield>
</record>
